Rethinking gender equality / (Record no. 141280)

MARC details
000 -LEADER
fixed length control field 00611nam a22001937a 4500
005 - DATE AND TIME OF LATEST TRANSACTION
control field 20170619103510.0
010 ## - LCCN (DPL NO)
LC control number ENG-118740
020 ## - INTERNATIONAL STANDARD BOOK NUMBER
International Standard Book Number 9788179105016
Terms of availability 800.00
035 ## - SYSTEM CONTROL NUMBER
System control number EN-102272
037 ## - SOURCE OF ACQUISITION
Source of stock number/acquisition DBAD/PUB
082 ## - DEWEY DECIMAL CLASSIFICATION NUMBER
Classification number 305.420954
100 ## - MAIN ENTRY--PERSONAL NAME
Personal name Jha, Anil Kumar Singh
245 ## - TITLE STATEMENT
Title Rethinking gender equality /
Statement of responsibility, etc by Anil Kumar Singh Jha
260 ## - PUBLICATION, DISTRIBUTION, ETC. (IMPRINT)
Place of publication, distribution, etc Jaipur
Name of publisher, distributor, etc Aavishkar Publishers
Date of publication, distribution, etc 2015
270 ## - ADDRESS
Address 807, Vyas Building, Chaura Rasta
City Jaipur
Postal code 302003
300 ## - PHYSICAL DESCRIPTION
Extent 178p.
Dimensions 22cm(Hbk)
500 ## - GENERAL NOTE
General note Includes bibliographical reference and index
942 ## - ADDED ENTRY ELEMENTS (KOHA)
Source of classification or shelving scheme Dewey Decimal Classification
Item type English Books
Classification part 305.420954
Call number suffix JHA
Holdings
Withdrawn status Lost status Not for loan Collection code Home library Current library Date acquired Source of acquisition Cost, normal purchase price Full call number Barcode Copy number Cost, replacement price Koha item type
      Non-fiction Patel Nagar Patel Nagar 19/06/2017 DBAD/PUB 800.00 305.420954 JHA EN-102272 1 800.00 English Books

© Delhi Public Library
Hit Counter
free hit counter